000
00275nam a22001337a 4500
003
SGT
020
_a
9780140075762
082
_a
954
_b
I85A
100
_a
AKBAR, M.J.
245
_a
INDIA: THE SIEGE WITHIN
260
_b
PENGUIN BOOKS
_c
1985
300
_a
325
942
_2
ddc
_c
BK
999
_c
29213
_d
29213